[Event "Wch U14 Girls"]
[Site "Cannes"]
[Date "1997.??.??"]
[Round "4"]
[White "Sergeeva, Maria"]
[Black "Krush, Irina"]
[Result "0-1"]
[WhiteElo "2165"]
[BlackElo "2245"]

1.e4 c5 2.Nf3 d6 3.d4 cxd4 4.Nxd4 Nf6 5.Nc3 Nc6 6.Bg5 e6 7.Qd3 Be7 8.Rd1 a6
9.Be2 Qa5 10.f4 h6 11.Nb3 Qc7 12.Bh4 Bd7 13.a3 O-O 14.O-O Rfd8 15.Kh1 Be8
16.Qg3 Kh8 17.Bf3 Rac8 18.Qh3 Nh7 19.Bf2 b5 20.Nd4 Na5 21.Rd3 Nc4 22.Rb1 Qb8
23.Nd1 a5 24.Ne3 b4 25.axb4 Qxb4 26.Nxc4 Qxc4 27.Ra1 a4 28.Be2 Nf6 29.b3 Nxe4
30.Be1 axb3 31.cxb3 Qc7 32.Qe3 Qb7 33.Nxe6 fxe6 34.Ra7 Rc1 35.Bd1 Qc6 36.Rxe7 Bg6
37.Qd4 e5 38.fxe5 Rf8 39.Kg1 dxe5 40.Rxe5 Rf6 41.Qe3 Qa6 42.Rd8+ Kh7 43.h3 Qf1+
44.Kh2 Nf2 45.Qe2 Qxe2 46.Rxe2 Rxd1  0-1

[Event "Wch U14 Girls"]
[Site "Cannes"]
[Date "1997.??.??"]
[Round "10"]
[White "Dembo, Yelena"]
[Black "Krush, Irina"]
[Result "1-0"]
[WhiteElo "2110"]
[BlackElo "2245"]

1.e4 c5 2.Nf3 d6 3.d4 cxd4 4.Nxd4 Nf6 5.Nc3 Nc6 6.Bc4 e6 7.Bb3 Be7 8.Be3 O-O
9.Qe2 a6 10.O-O-O Qc7 11.Rhg1 Nd7 12.g4 Nc5 13.Nf5 Nxb3+ 14.axb3 b5 15.Nxe7+ Nxe7
16.Qd3 b4 17.Na4 d5 18.Bc5 Bb7 19.Bxb4 Rfe8 20.Bxe7 dxe4 21.Bd6 exd3 22.Bxc7 Rac8
23.Bb6 Rxc2+ 24.Kb1 Rec8 25.Nc3  1-0

[Event "New York op"]
[Site "New York"]
[Date "1997.??.??"]
[Round "?"]
[White "Burnett, Ronald"]
[Black "Krush, Irina"]
[Result "1/2-1/2"]
[WhiteElo "2435"]
[BlackElo "2245"]

1.e4 c5 2.Nf3 d6 3.d4 cxd4 4.Nxd4 Nf6 5.Nc3 Nc6 6.Bg5 e6 7.Qd2 a6 8.O-O-O Bd7
9.f4 b5 10.Bxf6 gxf6 11.Nxc6 Bxc6 12.Bd3 Qb6 13.Rhf1 b4 14.Ne2 h5 15.Kb1 a5
16.Qe1 h4 17.Nc1 a4 18.Bc4 Qc5 19.Bd5 Rb8 20.Nd3 Qb6 21.Bxc6+ Qxc6 22.Nxb4 Qc4
23.c3 d5 24.exd5 Bxb4 25.cxb4 Rxb4 26.dxe6 fxe6 27.Rd6 Qe4+ 28.Qxe4 Rxe4
29.f5 Rg8 30.Rf2 Ke7 31.Rxe6+ Rxe6 32.fxe6 Kxe6 33.Kc2 Ke5 34.Kc3 Rg4 35.h3 Re4
36.Rf3 Re2 37.g4 hxg3 38.Rxg3 f5 39.Rg8 Rh2 40.Rh8 Ke4 41.Ra8 Rxh3+ 42.Kb4 f4
43.Kxa4 f3 44.Re8+ Kd3 45.Rd8+ Ke2 46.Re8+ Kd3 47.b4 f2 48.Rf8 Ke2 49.Rxf2+ Kxf2
50.b5 Ke3 51.b6 Rh7 52.Kb5 Kd4 53.Ka6 Kc5 54.b7 Rxb7 55.Kxb7 Kb4  1/2-1/2

[Event "MCC-ch"]
[Site "New York"]
[Date "1997.??.??"]
[Round "1"]
[White "Krush, Irina"]
[Black "Bonin, Jay R"]
[Result "1/2-1/2"]
[WhiteElo "2245"]
[BlackElo "2370"]

1.d4 Nf6 2.c4 g6 3.Nc3 Bg7 4.e4 d6 5.Nf3 O-O 6.Be2 c5 7.O-O Bg4 8.Be3 Bxf3
9.Bxf3 cxd4 10.Bxd4 Nc6 11.Be3 Nd7 12.Rc1 Nc5 13.Qd2 Ne6 14.Bd1 Ned4 15.b4 e5
16.b5 Ne7 17.Ne2 Qb6 18.Nxd4 exd4 19.Bg5 Rae8 20.Bc2 Qc5 21.Bd3 Nc8 22.Bh6 Nb6
23.Bxg7 Kxg7 24.f4 Na4 25.f5 f6 26.fxg6 hxg6 27.Rf4 Nc3 28.Rcf1 Qe5 29.Qf2 Rh8
30.h3 Ref8 31.a3 Rh5 32.Qf3 Rhh8  1/2-1/2

[Event "MCC-ch"]
[Site "New York"]
[Date "1997.??.??"]
[Round "3"]
[White "Krush, Irina"]
[Black "Treger, Effim"]
[Result "1/2-1/2"]
[WhiteElo "2245"]
[BlackElo "2340"]

1.d4 Nf6 2.c4 g6 3.Nc3 Bg7 4.e4 d6 5.Nf3 O-O 6.Be2 e5 7.O-O Bg4 8.Be3 Nbd7
9.Rc1 a5 10.d5 Nh5 11.Ne1 Bxe2 12.Qxe2 Nc5 13.Nd3 b6 14.b3 Nxd3 15.Qxd3 f5
16.f3 f4 17.Bf2 Bf6 18.a3 Bh4 19.Nb5 Rf7 20.b4 axb4 21.axb4 Ra2 22.Rc2 Bxf2+
23.Rfxf2 Ra1+ 24.Rf1 Rxf1+ 25.Qxf1 Ng3 26.Qe1 Qg5 27.c5 bxc5 28.bxc5 h5 29.c6 h4
30.hxg3 hxg3 31.Kf1 Qh6 32.Ke2 g5 33.Kd3 g4 34.Qd1 gxf3 35.Qxf3 Qh1 36.Nxd6 Rh7
37.Ne8 Kf7 38.Nd6+ Kf6 39.Nb5 Qg1 40.d6 Qb6 41.Nxc7 Qd4+ 42.Ke2 Rh1 43.Rd2 Qc4+
44.Qd3 Qc1 45.Kf3 Kg5 46.Ne6+ Kh4 47.Nxf4 Rf1+ 48.Qxf1 Qxf1+ 49.Ke3 exf4+
50.Kd4 Qa1+  1/2-1/2

[Event "Parsippany m"]
[Site "Parsippany"]
[Date "1998.05.23"]
[Round "1"]
[White "Krush, Irina"]
[Black "Bisguier, Arthur Bernard"]
[Result "1/2-1/2"]
[WhiteElo "2260"]
[BlackElo "2370"]

1.d4 d5 2.c4 e6 3.cxd5 exd5 4.Nc3 c6 5.Qc2 Ne7 6.Bf4 Bf5 7.Qd2 Ng6 8.Bg3 Nd7
9.f3 Nf6 10.e3 Bb4 11.Nge2 O-O 12.Bf2 Re8 13.g4 Bxg4 14.fxg4 Ne4 15.Qc2 Qf6
16.Bg3 Qf3 17.Rg1 Qxe3 18.Kd1 Nf2+ 19.Bxf2 Qxf2 20.Qf5 Rxe2 21.Nxe2 Qe1+
22.Kc2 Qxa1 23.Nc1 Re8 24.Bd3 Ba3 25.bxa3 Qxd4 26.Rf1 Qc5+ 27.Kb2 Qe7 28.Kb1 Qe6
29.Nb3 Qxf5 30.Bxf5 Ne5 31.Re1 f6 32.Nc5 Kf7 33.Kc2 Re7 34.a4 g6 35.Bc8 b6
36.Nd3 Rc7 37.Ba6 Nxg4 38.h3 Nh6 39.Nb4 Nf5 40.Kd3 Ne7 41.Nc2 c5 42.Ne3 Kg7
43.Bb5 f5 44.Ng2 g5 45.Re6 Ng6 46.Kc3 Re7 47.Rd6 d4+ 48.Kd2 Ne5 49.Ne1 h5
50.a5 bxa5 51.Rd5 f4 52.Nd3 Nf3+ 53.Kd1 g4 54.Nxf4 gxh3 55.Nxh3 Re5 56.Rxe5 Nxe5
57.Nf4 Kf6 58.Nxh5+ Kf5 59.Kd2 c4 60.Ng3+ Kf4 61.Nh5+ Kg5 62.Ng3 Kf4 63.Nh5+  1/2-1/2

[Event "Parsippany m"]
[Site "Parsippany"]
[Date "1998.05.24"]
[Round "2"]
[White "Bisguier, Arthur Bernard"]
[Black "Krush, Irina"]
[Result "1-0"]
[WhiteElo "2370"]
[BlackElo "2260"]

1.Nf3 d5 2.b3 c5 3.e4 dxe4 4.Ne5 Nd7 5.Bb2 Ngf6 6.Nc4 b5 7.Ne3 a6 8.a4 b4
9.d3 exd3 10.Bxd3 e6 11.Nd2 Nb6 12.O-O Be7 13.f4 O-O 14.Qe2 Nbd5 15.Nec4 Nc3
16.Bxc3 bxc3 17.Nf3 Bb7 18.Rad1 Nd5 19.Nfe5 Qc7 20.f5 exf5 21.Bxf5 g6 22.Be4 Nf6
23.Bxb7 Qxb7 24.Nd7 Nxd7 25.Qxe7 Rad8 26.Rxf7 Nf6 27.Rxf8+  1-0

[Event "Parsippany m"]
[Site "Parsippany"]
[Date "1998.05.24"]
[Round "3"]
[White "Krush, Irina"]
[Black "Bisguier, Arthur Bernard"]
[Result "1-0"]
[WhiteElo "2260"]
[BlackElo "2370"]

1.d4 d5 2.c4 e6 3.Nc3 Nf6 4.cxd5 exd5 5.Bg5 Nbd7 6.e3 Bb4 7.Bd3 c5 8.Ne2 h6
9.Bh4 cxd4 10.exd4 O-O 11.O-O Nb6 12.Bc2 Re8 13.Qd3 g6 14.Bb3 Bf8 15.Bxf6 Qxf6
16.Nxd5 Nxd5 17.Bxd5 Be6 18.Bxe6 Qxe6 19.Nc3 Rad8 20.Rfd1 Bc5 21.d5 Qe5 22.Rac1 Bb4
23.g3 a6 24.Rc2 Bxc3 25.bxc3 Rd6 26.c4 Red8 27.Re2 Qh5 28.Rde1 Qg5 29.Re5 Qf6
30.c5 R6d7 31.Qe4 Kg7 32.Re3 Rc8 33.d6 b6 34.Re7 Rxe7 35.dxe7 Re8 36.Qb7  1-0

[Event "World op"]
[Site "Philadelphia"]
[Date "1998.06.29"]
[Round "3"]
[White "Krush, Irina"]
[Black "Eisen, Lewis"]
[Result "1-0"]
[WhiteElo "2260"]
[BlackElo "2335"]

1.d4 Nf6 2.c4 g6 3.Nc3 Bg7 4.e4 d6 5.Nf3 O-O 6.Be2 e5 7.O-O Na6 8.Rb1 c6
9.a3 exd4 10.Nxd4 Nc5 11.Bf3 Re8 12.Re1 Ng4 13.Bxg4 Bxg4 14.f3 Bd7 15.Be3 f5
16.exf5 gxf5 17.Qd2 Qf6 18.Nce2 Rxe3 19.Qxe3 Re8 20.Qc3 f4 21.Rbd1 Re3 22.Qc2 Qe5
23.b4 Ne6 24.Nf5 Ng5 25.Nxe3 Qxe3+ 26.Kh1 Nh3 27.Rf1 Nf2+ 28.Rxf2 Qxf2 29.Qe4 Be5
30.Nxf4 Qh4 31.g3 Qf6 32.Re1 Bf5 33.Qe3 a5 34.c5 axb4 35.axb4 Bd7 36.Kg2 Qf5
37.cxd6 Bxd6 38.Qd4 Bf8 39.g4 Qf7 40.Nh5  1-0

[Event "World op"]
[Site "Philadelphia"]
[Date "1998.07.03"]
[Round "7"]
[White "Kudrin, Sergey"]
[Black "Krush, Irina"]
[Result "1-0"]
[WhiteElo "2565"]
[BlackElo "2260"]

1.e4 c5 2.Nf3 d6 3.d4 cxd4 4.Nxd4 Nf6 5.Nc3 Nc6 6.Bg5 e6 7.Qd2 a6 8.Be2 Bd7
9.f4 Be7 10.O-O-O O-O 11.Nb3 Ne8 12.Bxe7 Nxe7 13.g4 Bc6 14.Bf3 Qc7 15.h4 b5
16.Nd4 Rd8 17.h5 Ba8 18.Rhf1 b4 19.Nce2 Nf6 20.Ng3 e5 21.g5 Nd7 22.Ndf5 Nxf5
23.exf5 exf4 24.Qxf4 Bxf3 25.Rxf3 Ne5 26.Rf2 a5 27.h6 gxh6 28.Ne4 Kh8 29.Nf6 Qc4
30.Qxc4 Nxc4 31.gxh6 d5 32.Rxd5 Rxd5 33.Nxd5 Rd8 34.Re2 Nd6 35.Re5 Nc4 36.Re7 Kg8
37.Nf6+ Kf8 38.Re1 Nd6 39.Nxh7+ Kg8 40.Nf6+ Kh8  1-0

[Event "Saitek US Masters"]
[Site "Hawaii"]
[Date "1998.07.26"]
[Round "6"]
[White "Krush, Irina"]
[Black "Kahane, Gabe"]
[Result "1-0"]
[WhiteElo "2275"]
[BlackElo "2100"]

1.Nf3 c5 2.g3 d5 3.Bg2 Nc6 4.O-O e6 5.b3 Nf6 6.Bb2 Be7 7.e3 O-O 8.c4 Re8
9.Qe2 Bf8 10.Ne5 Nxe5 11.Bxe5 Bd6 12.Bb2 Be7 13.Nc3 b6 14.Rfd1 Bb7 15.d4 cxd4
16.Rxd4 Qc8 17.cxd5 Nxd5 18.Nxd5 exd5 19.Bxd5 Bf6 20.Bxb7 Qxb7 21.Rg4 Qe7
22.Rc1 Rad8 23.Bxf6 Qxf6 24.Rf4 Qe5 25.Rfc4 g6 26.Rc7 Re7 27.Rxe7 Qxe7 28.h4 h5
29.e4 Qb4 30.Rc7 a5 31.e5 Re8 32.Qf3 Rf8 33.Qf6 Qe1+ 34.Kh2 b5 35.Re7 Qa1
36.Rb7 b4 37.Ra7 Qxa2 38.e6 Qxb3 39.Rxf7  1-0

[Event "Saitek US Masters"]
[Site "Hawaii"]
[Date "1998.07.27"]
[Round "7"]
[White "Krush, Irina"]
[Black "Kobese, Watu"]
[Result "1/2-1/2"]
[WhiteElo "2275"]
[BlackElo "2415"]

1.d4 d6 2.c4 f5 3.Nf3 Nf6 4.Nc3 g6 5.e3 Bg7 6.Be2 O-O 7.b4 c6 8.O-O Qc7 9.Qb3 Kh8
10.Bb2 Be6 11.a4 Bg8 12.Rfd1 Nbd7 13.a5 e5 14.dxe5 dxe5 15.b5 e4 16.Nd4 Nc5
17.Qa3 Nd3 18.Bxd3 exd3 19.bxc6 bxc6 20.Rxd3 Bxc4 21.Rd2 f4 22.e4 Rab8 23.Qc5 Bg8
24.Rc1 f3 25.Nxf3 Bh6 26.Rcd1 Bxd2 27.Rxd2 Qg7 28.h3 Rfe8 29.e5 Nd7 30.Qxa7 Nxe5
31.Qxg7+ Kxg7 32.Ne4 Rxb2 33.Rxb2 Nxf3+ 34.gxf3 Ra8 35.Rb7+ Kf8 36.Nf6 Rxa5
37.Rb8+ Kg7 38.Nxg8 Ra1+ 39.Kg2 Re1 40.Rc8 c5 41.f4 c4 42.f5 gxf5 43.Rxc4 Kxg8
44.Rc5 Kg7 45.Rxf5 Ra1 46.h4 Kg6 47.Rb5 Rc1  1/2-1/2

[Event "Saitek US Masters"]
[Site "Hawaii"]
[Date "1998.07.28"]
[Round "8"]
[White "Ardaman, Miles"]
[Black "Krush, Irina"]
[Result "0-1"]
[WhiteElo "2355"]
[BlackElo "2275"]

1.e4 c5 2.Nc3 Nc6 3.g3 g6 4.Bg2 Bg7 5.Nge2 d6 6.d3 e5 7.O-O Nge7 8.a3 O-O
9.Rb1 Be6 10.Nd5 Nd4 11.b4 Nxe2+ 12.Qxe2 b6 13.f4 Nxd5 14.exd5 Bd7 15.bxc5 bxc5
16.fxe5 Bxe5 17.Bh6 Re8 18.Qf3 f5 19.Rb7 Bc8 20.Rb3 Qc7 21.g4 Re7 22.gxf5 Bxf5
23.Bh3 Rf7 24.Rbb1 Qe7 25.Qg2 Bxh3 26.Qxh3 Re8 27.Rxf7 Qxf7 28.c4 Bg7 29.Rf1 Qe7
30.Bd2 Bd4+ 31.Kh1 Rf8 32.Re1 Be5 33.Bh6 Rf5 34.Rb1 Bg7 35.Rb8+ Kf7 36.Bd2 Qe2
37.Bf4 Rxf4 38.Rb7+ Kf6  0-1

[Event "Cardoza US op"]
[Site "Kona"]
[Date "1998.08.01"]
[Round "1"]
[White "Ferber, Thiago"]
[Black "Krush, Irina"]
[Result "0-1"]
[WhiteElo "2160"]
[BlackElo "2275"]

1.e4 c5 2.Nc3 Nc6 3.f4 g6 4.Nf3 Bg7 5.Bb5 Nd4 6.a4 Nxb5 7.axb5 d6 8.O-O Nf6
9.d3 O-O 10.Qe1 b6 11.f5 Qd7 12.Qh4 Bb7 13.h3 a6 14.bxa6 Rxa6 15.Rxa6 Bxa6
16.Bh6 Nh5 17.Bxg7 Kxg7 18.Nd5 Nf6 19.fxg6 hxg6 20.Ng5 Rh8 21.Qf4 Qd8 22.g4 Bb7
23.Ne3 Rf8 24.e5 dxe5 25.Qxe5 Kg8 26.Ra1 Nd7 27.Qg3 Nf6 28.Qe5 Nd5 29.Nxd5 Bxd5
30.Ne4 f6 31.Qf4 Kg7 32.Ra7 Rf7 33.Ra1 Qh8 34.Kh2 e5 35.Qe3 Qb8 36.Ng3 c4
37.dxc4 Bxc4 38.Rd1 Qc7 39.Qd2 Ba6 40.c3 Qc4 41.Qd5 Qf4 42.Qd2 Qf3 43.Qd5 e4
44.Rg1 Re7 45.Nf5+ gxf5 46.gxf5+ Kh6 47.Qg8 Qf4+ 48.Kh1 Qxf5 49.Qf8+ Kh5
50.Kh2 Qf4+ 51.Kh1 Be2 52.Qxe7 Bf3+ 53.Rg2 Bxg2+ 54.Kxg2 Qf3+ 55.Kh2 Qf4+
56.Kg2 Qg5+ 57.Kh1 Qg6 58.Qe6 Kh4 59.Qxb6 Kxh3 60.Qe3+ Qg3 61.Qh6+ Kg4 62.Qg6+ Kf3
63.Qxf6+ Ke2 64.Qa6+ Qd3 65.Qe6 e3 66.Qg4+ Kd2 67.b4 e2 68.Qg2 Kc1 69.Qg1+ Qd1  0-1

[Event "Cardoza US op"]
[Site "Kona"]
[Date "1998.08.06"]
[Round "6"]
[White "Krush, Irina"]
[Black "Hanley, Joe"]
[Result "1-0"]
[WhiteElo "2275"]
[BlackElo "2120"]

1.d4 Nf6 2.c4 e6 3.Nc3 Bb4 4.Bg5 h6 5.Bh4 c5 6.d5 Bxc3+ 7.bxc3 d6 8.e3 e5
9.f3 Nbd7 10.Bd3 Qe7 11.Ne2 Kd8 12.O-O Kc7 13.a4 Nf8 14.Qb1 g5 15.Bf2 Nh5
16.Ra2 Qe8 17.a5 Ng6 18.Rb2 Ne7 19.f4 f5 20.fxe5 dxe5 21.e4 f4 22.Bxc5 Ng6
23.Rb6 Rh7 24.Bd6+ Kd8 25.c5 g4 26.c6 bxc6 27.dxc6 Qe6 28.c7+ Ke8 29.Qb5+ Bd7
30.Rb8+ Kf7 31.Qc5  1-0

[Event "Cardoza US op"]
[Site "Kona"]
[Date "1998.08.07"]
[Round "7"]
[White "Shaked, Tal"]
[Black "Krush, Irina"]
[Result "1-0"]
[WhiteElo "2490"]
[BlackElo "2275"]

1.c4 e5 2.Nc3 Nf6 3.Nf3 Nc6 4.e3 Be7 5.d4 exd4 6.Nxd4 O-O 7.Be2 Bb4 8.O-O Bxc3
9.bxc3 d6 10.Nxc6 bxc6 11.Bf3 Bd7 12.c5 d5 13.c4 Bf5 14.Bb2 Ne4 15.Qd4 f6
16.Rfd1 Ng5 17.Be2 Be6 18.cxd5 cxd5 19.c6 a5 20.Ba3 Re8 21.Bh5 Nf7 22.Qc5 Qc8
23.Bf3 Ne5 24.Bxd5 Bxd5 25.Rxd5 Qe6 26.h3 Nxc6 27.Rad1 Nb4 28.Rd7 c6 29.Bxb4 axb4
30.Qxb4 Reb8 31.Qf4 Rc8 32.Qg3 g5 33.Qf3 Rf8 34.R7d6 Qe5 35.Qxc6 Kh8 36.a4 Rfc8
37.Qf3 Rf8 38.Qc6 Rfc8 39.Qf3 Rf8 40.R1d4 Ra7 41.Rd8 Rxd8 42.Rxd8+ Kg7 43.Qd1  1-0

[Event "Wch U20 Girls"]
[Site "Calicut"]
[Date "1998.11.17"]
[Round "1"]
[White "Krush, Irina"]
[Black "Smajlovic, Lejla"]
[Result "1-0"]
[WhiteElo "2275"]
[BlackElo "2105"]

1.d4 Nf6 2.c4 e6 3.Nc3 Bb4 4.Bg5 O-O 5.e3 d6 6.Bd3 Nbd7 7.Ne2 e5 8.O-O c6
9.f4 exd4 10.exd4 Qe8 11.Rf3 d5 12.cxd5 Nxd5 13.Nxd5 cxd5 14.Qb3 Bd2 15.Qc2 Be3+
16.Kf1 h6 17.Bh4 Nb6 18.Re1 Bd7 19.Nc3  1-0

[Event "Wch U20 Girls"]
[Site "Calicut"]
[Date "1998.11.18"]
[Round "2"]
[White "Le Thi Phuong Lien"]
[Black "Krush, Irina"]
[Result "1-0"]
[WhiteElo "2135"]
[BlackElo "2275"]

1.e4 c5 2.Nf3 d6 3.d4 cxd4 4.Nxd4 Nf6 5.Nc3 Nc6 6.Bg5 e6 7.Qd2 a6 8.O-O-O Bd7
9.f4 b5 10.Qe1 Nxd4 11.Rxd4 Qb6 12.Bxf6 gxf6 13.Rd2 O-O-O 14.Be2 Kb8 15.Bf3 Rc8
16.Qh4 Be7 17.Rhd1 Qa5 18.Kb1 Rxc3 19.bxc3 Qxc3 20.Rd3 Qb4+ 21.Rb3 Qc4 22.Qf2 Kb7
23.Rdd3 a5 24.Rdc3 Qa4 25.Be2 b4 26.Qf1 Ra8 27.Rh3 Qc6 28.Rxh7 Be8 29.Rh5 f5
30.exf5 Rc8 31.Qd1 Qb6 32.fxe6 fxe6 33.Rh6 Ba4 34.Rb2 Qe3 35.Bg4 Bf8 36.Rxe6 Qc5
37.Rf6 Be7 38.Bxc8+  1-0

[Event "Wch U20 Girls"]
[Site "Calicut"]
[Date "1998.11.29"]
[Round "12"]
[White "Radziewicz, Iweta"]
[Black "Krush, Irina"]
[Result "1/2-1/2"]
[WhiteElo "2425"]
[BlackElo "2275"]

1.e4 c5 2.c4 Nc6 3.Ne2 e5 4.Nbc3 g6 5.d3 Bg7 6.g3 Nge7 7.Bg2 d6 8.Be3 Nd4
9.Bxd4 cxd4 10.Nd5 O-O 11.Qd2 Bd7 12.O-O Nxd5 13.exd5 f5 14.f4 Qf6 15.Rae1 Rae8
16.Nc1 Bh6 17.Qf2 Re7 18.Kh1 Rfe8 19.Nb3 b6 20.Re2 Ba4 21.fxe5 dxe5 22.g4 Be3
23.Qf3 Bxb3 24.axb3 Rf8 25.gxf5 gxf5 26.Bh3 Ref7 27.Rg2+ Kh8 28.Qg3 Bf4 29.Qe1 Be3
30.Qg3 Bf4 31.Qe1  1/2-1/2

[Event "Wch U20 Girls"]
[Site "Calicut"]
[Date "1998.11.30"]
[Round "13"]
[White "Nguyen Thi Tuong Van"]
[Black "Krush, Irina"]
[Result "0-1"]
[WhiteElo "2220"]
[BlackElo "2275"]

1.e4 c5 2.d3 d6 3.g3 g6 4.Bg2 Bg7 5.f4 e6 6.Nf3 Nc6 7.c3 Nge7 8.O-O O-O 9.Be3 f5
10.Nbd2 b6 11.Re1 Qd7 12.Bf2 Ba6 13.Qc2 Rae8 14.Rad1 e5 15.d4 exd4 16.cxd4 Nxd4
17.Nxd4 cxd4 18.Qb3+ Kh8 19.Nf3 fxe4 20.Rxe4 d5 21.Bxd4 Nf5 22.Bxg7+ Kxg7
23.Rxd5 Qc8 24.Ne5 Re7 25.Re1 Bc4 26.Qc3 Bxd5 27.Nc6+ Rf6 28.Nxe7 Qxc3 29.bxc3 Bxa2
30.Nc6 a5 31.Ra1 Bg8 32.Rb1 Ne3 33.Bh1 Nc4 34.Ne5 Rd6 35.Re1 a4 36.Nc6 a3
37.Bg2 Nd2 38.Nd4 a2 39.Nc2 Rd3 40.Re7+ Kf6 41.Rc7 Nb3 42.g4 Rd1+  0-1

[Event "New York m"]
[Site "New York"]
[Date "1998.??.??"]
[Round "1"]
[White "Krush, Irina"]
[Black "Bonin, Jay R"]
[Result "0-1"]
[WhiteElo "2260"]
[BlackElo "2390"]

1.d4 Nf6 2.c4 d6 3.Nc3 e5 4.Nf3 Nbd7 5.Bg5 Be7 6.e3 O-O 7.Qc2 Ne8 8.Bxe7 Qxe7
9.Bd3 Ndf6 10.O-O-O g6 11.h3 Ng7 12.g4 c6 13.g5 Nfh5 14.c5 dxc5 15.dxe5 Bf5
16.Bxf5 Nxf5 17.Ne4 b6 18.Rd2 Qe6 19.Kb1 Rfd8 20.Rhd1 Rd5 21.Nc3 Rxd2 22.Rxd2 Ne7
23.Ne4 Nd5 24.Nf6+ Nhxf6 25.gxf6 Nb4 26.Qb3 Qf5+ 27.e4 Qxe4+ 28.Ka1 Nd5 29.a3 h6
30.Rc2 Rd8 31.Rc4 Qe2 32.Rg4 Qf1+ 33.Ka2 Qxh3 34.Rg3 Qe6 35.Nh4 a5 36.Nxg6 fxg6
37.Rxg6+ Kf8 38.Ka1 Nc3  0-1

[Event "New York m"]
[Site "New York"]
[Date "1998.??.??"]
[Round "4"]
[White "Bonin, Jay R"]
[Black "Krush, Irina"]
[Result "1/2-1/2"]
[WhiteElo "2390"]
[BlackElo "2260"]

1.d4 d5 2.Bg5 h6 3.Bh4 c6 4.c3 Bf5 5.Nd2 Nd7 6.Ngf3 Ngf6 7.e3 e6 8.Qb3 Qb6
9.Be2 Be7 10.a4 O-O 11.Ne5 Rfe8 12.Nxd7 Nxd7 13.Bg3 Nf6 14.f3 Bd8 15.a5 Qxb3
16.Nxb3 Nd7 17.Kf2 Bf6 18.Rhc1 Rac8 19.Nc5 Nxc5 20.dxc5 a6 21.Bd6 Rcd8  1/2-1/2

[Event "Krush Challenge m"]
[Site "Somerset"]
[Date "1998.??.??"]
[Round "1"]
[White "Fedorowicz, John P"]
[Black "Krush, Irina"]
[Result "1/2-1/2"]
[WhiteElo "2540"]
[BlackElo "2275"]

1.e4 c5 2.Nf3 d6 3.c3 Nf6 4.Bd3 g6 5.Bc2 Nc6 6.d3 Bg7 7.Nbd2 Ne5 8.Nxe5 dxe5
9.Nc4 Qc7 10.O-O b5 11.Ne3 Bb7 12.a4 a6 13.axb5 axb5 14.Rxa8+ Bxa8 15.c4 bxc4
16.Ba4+ Bc6 17.Nxc4 Nd7 18.Bg5 h6 19.Bh4 Bf6 20.Bxf6 exf6 21.Bxc6 Qxc6 22.Qd2 Kf8
23.h4 h5 24.Ra1 Kg7 25.Qa5 Rb8 26.Qa7 Rb7 27.Qa8 Nb6 28.Qd8 Qd7 29.Qxd7 Nxd7
30.Nd6 Rb6 31.Ne8+ Kf8 32.Ra8 Rb8 33.Rxb8 Nxb8 34.Nxf6 Ke7 35.Nd5+ Kd6 36.f3 f5
37.Ne3 f4 38.Nc4+ Ke6 39.Na5 Nd7 40.Nb7 Kf6 41.Kh2 Ke6 42.Kh3 Kf6 43.Nd6 Nf8
44.Ne8+ Kf7 45.Nc7 Nd7 46.Nd5 Nb8 47.g3 fxg3 48.Kxg3 Nc6 49.Kf2 Nd4 50.f4 Ke6
51.fxe5 Kxe5 52.b4 cxb4 53.Nxb4 Kf4 54.Nd5+ Kg4 55.Ne7 Kxh4 56.Nxg6+ Kg5
57.Ne7 Kf4 58.Nd5+ Kg4 59.Ne3+ Kf4 60.Ng2+ Kg4 61.Ke3 Nc2+ 62.Kd2 Nd4 63.Ke3 Nc2+
64.Kd2  1/2-1/2

[Event "Krush Challenge m"]
[Site "Somerset"]
[Date "1998.??.??"]
[Round "2"]
[White "Krush, Irina"]
[Black "Fedorowicz, John P"]
[Result "1/2-1/2"]
[WhiteElo "2275"]
[BlackElo "2540"]

1.d4 Nf6 2.c4 g6 3.Nc3 Bg7 4.e4 d6 5.Nf3 O-O 6.Be2 e5 7.O-O Nc6 8.d5 Ne7
9.Ne1 Nd7 10.Nd3 f5 11.Bd2 Nf6 12.f3 f4 13.c5 g5 14.Rc1 Ng6 15.cxd6 cxd6
16.Nb5 Rf7 17.Qc2 Ne8 18.a4 h5 19.Nf2 Bd7 20.h3 Bf8 21.Qb3 Qb8 22.a5 Be7
23.Na3 Bd8 24.Bb5 Bxb5 25.Qxb5 Bc7 26.Nc4 Rg7 27.a6 b6 28.Bb4 Qd8 29.Na3 Nh4
30.Qe2 g4 31.hxg4 b5 32.Nxb5 Bb6 33.Rc6 hxg4 34.fxg4 Rg6 35.Kh1 Rh6 36.Nh3 f3
37.Rxf3 Nxf3 38.Qxf3 Rf6 39.Qe2 Rb8  1/2-1/2

[Event "Krush Challenge m"]
[Site "Somerset"]
[Date "1998.??.??"]
[Round "3"]
[White "Fedorowicz, John P"]
[Black "Krush, Irina"]
[Result "1-0"]
[WhiteElo "2540"]
[BlackElo "2275"]

1.e4 c5 2.Nf3 d6 3.d4 cxd4 4.Nxd4 Nf6 5.Nc3 Nc6 6.g3 e6 7.Bg2 Bd7 8.Ndb5 Qb8
9.a4 a6 10.Na3 Na5 11.O-O Qc7 12.Qd3 Be7 13.Rd1 Ng4 14.Qe2 Ne5 15.f4 Nec4
16.Nxc4 Nxc4 17.b3 Nb6 18.Bb2 O-O 19.a5 Nc8 20.Qg4 g6 21.Kh1 Na7 22.Qe2 Rfd8
23.Qf2 Qc5 24.Qe1 Bf8 25.Rd2 Nc6 26.Nd1 Rac8 27.c4 Bg7 28.Bxg7 Kxg7 29.Rd3 Nb4
30.Qc3+ f6 31.Rd2 d5 32.Nf2 d4 33.Rxd4 Nc2 34.Rxd7+ Rxd7 35.Qxc2 Rcd8 36.e5 f5
37.b4 Qe3 38.Rf1 Rd2 39.Qc1 R8d7 40.c5 Qd4 41.c6 bxc6 42.Qxc6 Kh6 43.Nh3 Qxb4
44.Ng5 Rd1 45.Nf7+ Kg7 46.Nd6 Rxf1+ 47.Bxf1 Re7 48.Qxa6 Qd4 49.Qc4 Qf2 50.a6 Kh6
51.Qe2 Qd4 52.h4 Qd5+ 53.Bg2 Qb3 54.Kh2 Rc7 55.Nb5 Rc4 56.Qxc4 Qxc4 57.a7  1-0

[Event "Krush Challenge m"]
[Site "Somerset"]
[Date "1998.??.??"]
[Round "4"]
[White "Krush, Irina"]
[Black "Fedorowicz, John P"]
[Result "1/2-1/2"]
[WhiteElo "2275"]
[BlackElo "2540"]

1.d4 Nf6 2.c4 e6 3.Nc3 Bb4 4.Bg5 h6 5.Bh4 c5 6.d5 Bxc3+ 7.bxc3 d6 8.e3 e5
9.f3 Nbd7 10.Bd3 Nf8 11.Qb1 g5 12.Bg3 Qe7 13.Ne2 Rg8 14.O-O Kd8  1/2-1/2

[Event "Koltanowski Team Match"]
[Site "San Francisco"]
[Date "1999.02.03"]
[Round "2"]
[White "Krush, Irina"]
[Black "Browne, Walter S"]
[Result "1-0"]
[WhiteElo "2375"]
[BlackElo "2516"]

1.d4 Nf6 2.c4 e6 3.Nc3 Bb4 4.e3 c5 5.Ne2 cxd4 6.exd4 d5 7.c5 e5 8.a3 Bxc3+
9.Nxc3 exd4 10.Qxd4 O-O 11.Bb5 Bd7 12.O-O Bxb5 13.Nxb5 Nc6 14.Qd3 Ne4 15.Be3 Ne5
16.Qd4 Nc6 17.Qd1 a6 18.Nc3 Nxc3 19.bxc3 Re8 20.Rb1 Re7 21.Bf4 Rd7 22.Bd6 Qa5
23.Qg4 Rad8 24.Rfe1 h5 25.Qxh5 d4 26.Qh4 Qxc3 27.Re4 d3 28.Rbe1 Rf8 29.Bxf8 d2
30.Rd1 Qc2 31.Qg4 f5 32.Rc4 Qd3 33.Qh5 Qxc4 34.Bd6 Qc2 35.Qe2 b6 36.Qe8+ Kh7
37.Qh5+ Kg8 38.Qe2  1-0

[Event "Koltanowski Team Match"]
[Site "San Francisco"]
[Date "1999.02.05"]
[Round "4"]
[White "Krush, Irina"]
[Black "Pinto, Mark"]
[Result "1-0"]
[WhiteElo "2375"]
[BlackElo "2165"]

1.d4 g6 2.c4 Bg7 3.e4 Nc6 4.Nf3 e5 5.d5 Nd4 6.Nxd4 exd4 7.Bd3 d6 8.O-O Ne7
9.Re1 O-O 10.Bf4 f6 11.Nd2 g5 12.Bg3 f5 13.exf5 Nxf5 14.Ne4 Bd7 15.c5 Nxg3
16.Nxg3 Be5 17.Qh5 Qe7 18.cxd6 cxd6 19.Rad1 Rf4 20.Ne4 Bg4 21.Qxg5+ Qxg5
22.Nxg5 Bxd1 23.Rxd1 Rh4 24.g3 Rh5 25.f4 Bg7 26.Ne6 Rc8 27.f5 Be5 28.Kg2 Kf7
29.h3 a6 30.g4 Rh4 31.Re1 Bf6 32.Kg3 h5 33.g5  1-0

[Event "Koltanowski Team Match"]
[Site "San Francisco"]
[Date "1999.02.10"]
[Round "9"]
[White "O'Donnell, Tom"]
[Black "Krush, Irina"]
[Result "1/2-1/2"]
[WhiteElo "2357"]
[BlackElo "2375"]

1.Nf3 d5 2.d4 Nf6 3.Bf4 c5 4.c3 Nc6 5.e3 Qb6 6.Qb3 c4 7.Qc2 Bf5 8.Qc1 e6
9.Nbd2 Qd8 10.h3 h6 11.Be2 Be7 12.O-O O-O 13.b3 b5 14.a4 a6 15.Qb2 Qd7 16.Ne5 Nxe5
17.Bxe5 Qc6 18.Ra2 Nd7 19.Bh2 Nb6 20.Rfa1 cxb3 21.axb5 axb5 22.Qxb3 Nc4 23.Nxc4 bxc4
24.Qb2 Rxa2 25.Rxa2 Bd6 26.Bxd6 Qxd6 27.Qa1 Rb8 28.Ra8 Kh7 29.Rxb8 Qxb8 30.Bd1 Qb6  1/2-1/2

[Event "Parsippany m"]
[Site "Parsippany"]
[Date "1999.02.14"]
[Round "2"]
[White "Krush, Irina"]
[Black "Browne, Walter S"]
[Result "1/2-1/2"]
[WhiteElo "2375"]
[BlackElo "2516"]

1.d4 Nf6 2.c4 e6 3.Nc3 Bb4 4.e3 c5 5.Ne2 cxd4 6.exd4 d5 7.c5 e5 8.a3 Bxc3+
9.Nxc3 exd4 10.Qxd4 O-O 11.Bb5 Bd7 12.O-O Bxb5 13.Nxb5 Nc6 14.Qa4 Ne4 15.Be3 d4
16.Nxd4 Nxc5 17.Qc4 Nxd4 18.Bxd4 Ne6 19.Bc3 Rc8 20.Qe4 Qb6 21.Rfe1 Qb3 22.Re3 Rc4
23.Qd5 h6 24.Rae1 Rd8 25.Qa5 Ra4 26.Qh5 Qd5 27.Re5 Qc6 28.Rd1 Rxd1+ 29.Qxd1 Re4
30.Qd5 Qxd5 31.Rxd5 Nf4 32.Rd8+ Kh7 33.Kf1 Re7 34.g3 Ne6 35.Ra8 a6 36.f4 Kg6
37.Rc8 f6 38.Kf2 Rd7 39.Kf3 Nc7 40.g4 Nb5 41.Bb4 h5 42.gxh5+ Kxh5 43.Rc5+ Kg6
44.Kg4 Rd1 45.f5+ Kh6 46.Rc4 Nd4 47.Bd6 Nc6 48.Bf4+ Kh7 49.Re4 Rd3 50.Re3 Rd4
51.Kg3 Rd5 52.Kg4 Rb5 53.b4 Nd4 54.Rd3 Nxf5 55.a4 Nh6+ 56.Bxh6 Rxb4+ 57.Bf4 g5
58.Kh5 gxf4 59.Rd7+ Kg8 60.Kg6 Kf8 61.Kxf6 Ke8 62.Rd1 Rxa4 63.h4 f3 64.h5 f2
65.Rf1 Rf4+ 66.Kg5 Rf8 67.Kg6 Rg8+ 68.Kf6 Rf8+ 69.Kg6 Rf3 70.h6 Rg3+ 71.Kf6 Rh3
72.Kg7 Rg3+ 73.Kf6 Rf3+ 74.Kg7 Rg3+  1/2-1/2

[Event "Hampstead GM 5th"]
[Site "London"]
[Date "1999.04.08"]
[Round "2"]
[White "Gullaksen, Eirik T"]
[Black "Krush, Irina"]
[Result "1/2-1/2"]
[WhiteElo "2367"]
[BlackElo "2375"]

1.e4 c5 2.Nf3 d6 3.d4 cxd4 4.Qxd4 a6 5.c4 Nc6 6.Qd2 g6 7.b3 Bg7 8.Nc3 Nf6
9.Bb2 O-O 10.h3 Qa5 11.Bd3 b5 12.Nd5 Qxd2+ 13.Kxd2 bxc4 14.Nxf6+ Bxf6 15.Bxf6 cxd3
16.Bc3 f5 17.Kxd3 fxe4+ 18.Kxe4 Bb7 19.Ke3 e5 20.Rhc1 Rae8 21.Bb2 Ne7 22.Ne1 Nd5+
23.Ke2 a5 24.Kf1 Rf7 25.Kg1 Nf4 26.Rc2 d5 27.Bc3 Ba6 28.f3 Ne2+ 29.Kh2 Nxc3
30.Rxc3 e4 31.Rd1 exf3 32.Nxf3 Be2 33.Re1 Rfe7 34.Nd4 Re4 35.Rxe2 Rxe2 36.Nxe2 Rxe2
37.Rc5 Rxa2 38.Rxd5 Ra3  1/2-1/2